00462nam a2200157Ia 4500999001700000082001600017245003200033260003200065300001800097504000900115650002700124700001800151700001900169942001200188952010400200 c12711d12711 aRR 903 DIC; 0aDictionary of World History aLondonbThomas Nelsonc1973 axxvii, 1720p. aref. aHistory - Dictionaries aHowat, G.M.D. aTaylor, A.J.P. cBK2ddc 00104070aNASSDOCbNASSDOCd2004-06-08l0oRR 903 DIC;p6524r2019-04-18 00:00:00w2019-04-18yBK